Bangladesh health and demographic survey : (Record no. 12217)

MARC details
000 -LEADER
fixed length control field 00641nam a2200217 a 4500
001 - CONTROL NUMBER
control field 00004008
008 - FIXED-LENGTH DATA ELEMENTS--GENERAL INFORMATION
fixed length control field 110328s1996 bg a g 000 0 eng d
040 ## - CATALOGING SOURCE
Original cataloging agency BD-DhIUB
Transcribing agency BD-DhIUB
082 04 - DEWEY DECIMAL CLASSIFICATION NUMBER
Classification number 615.5095492
Edition number 19
245 00 - TITLE STATEMENT
Title Bangladesh health and demographic survey :
Remainder of title summary findings, 1994 and 1995
250 ## - EDITION STATEMENT
Edition statement 1st ed.
260 ## - PUBLICATION, DISTRIBUTION, ETC. (IMPRINT)
Place of publication, distribution, etc Dhaka :
Name of publisher, distributor, etc Ministry of Planning, Bangladesh,
Date of publication, distribution, etc 1996.
300 ## - PHYSICAL DESCRIPTION
Extent 36 p. :
Other physical details ill. ;
Dimensions 27.5 cm.
520 0# - SUMMARY, ETC.
Summary, etc Health and Population
556 ## - INFORMATION ABOUT DOCUMENTATION NOTE
Information about documentation note 1998-08-27
526 ## - STUDY PROGRAM INFORMATION NOTE
Department Public Health
650 17 - SUBJECT ADDED ENTRY--TOPICAL TERM
Topical term or geographic name as entry element Health
Source of heading or term Spines
650 17 - SUBJECT ADDED ENTRY--TOPICAL TERM
Topical term or geographic name as entry element Demography
Source of heading or term Spines
651 #4 - SUBJECT ADDED ENTRY--GEOGRAPHIC NAME
Geographic name Bangladesh
Holdings
Withdrawn status Lost status Source of classification or shelving scheme Damaged status Not for loan Home library Current library Shelving location Date acquired Total Checkouts Full call number Barcode Date last seen Copy number Price effective from Koha item type
    Dewey Decimal Classification   Not For Loan Library, Independent University, Bangladesh (IUB) Library, Independent University, Bangladesh (IUB) Reserve Shelf 15/05/2018   615.5095492 B216 1996 006915 15/05/2018 1 15/05/2018 Books